Mi mundo de uno a dos años /
Сохранить в:
| Соавтор: | |
|---|---|
| Формат: | |
| Язык: | Spanish |
| Опубликовано: |
San José, Costa Rica :
ICER,
2004
|
| Серии: | Ventanas en el mundo infantil,
3 |
| Предметы: | |
| Метки: |
Добавить метку
Нет меток, Требуется 1-ая метка записи!
|
MARC
| LEADER | 00000nam a2200000Ia 4500 | ||
|---|---|---|---|
| 008 | 170711b2004 cr ||||| |||| 00| | spa d | ||
| 999 | |c 784 |d 784 | ||
| 020 | |a 996823 | ||
| 090 | |a 06.05.04 |b 1162 CD #79 | ||
| 110 | 1 | |9 545 |a Costa Rica. Ministerio de Educación Pública | |
| 245 | 1 | 3 | |a Mi mundo de uno a dos años / |c Ministerio de Educación Pública |
| 260 | |a San José, Costa Rica : |b ICER, |c 2004 | ||
| 300 | |a 51 páginas; |b Acompaña Cd | ||
| 490 | |a Ventanas en el mundo infantil, |v 3 | ||
| 500 | |a Convenio PROMECE/MEP-ICER. Contiene CD de Audio del Programa para la Mediación 1. Mis primeros pasos 2. Experiencias de Libertad 3.Juegos en familia 4. Las palabras y cuerpo hablan 5. Como soy | ||
| 650 | 1 | 4 | |a DESARROLLO DEL NIÑO |9 723 |
| 650 | 1 | 4 | |a EDUCACIÓN PREESCOLAR |9 455 |
| 650 | 1 | 4 | |a FAMILIA |9 404 |
| 942 | |i 001955,001878 |h 06.05.04 1162 CD #79 |2 z |c 01 | ||
